000 00498nam a22001937a 4500
003 MPLRDC
005 20220104143146.0
008 210129b ||||| |||| 00| 0 eng d
020 _a957-9184-30-5
082 _a857.62 JSMF v.5
100 _a苏.葛拉夫顿
245 _a铁证如山
_c蔡小琦译
250 _a初版
260 _a
_b小知堂文化事业有限公司
_c1996
300 _b
490 _a金丝梅芳探案. 5
650 _a推理小说
942 _cBK
_o857.62 JSMF v.5
999 _c37201
_d37191